000 00387pab a2200157 454500
008 180718b2001 xxu||||| |||| 00| 0 eng d
100 _aNash, Tammy
245 _aWatching the police watch society in Western Kansas
260 _c2001
300 _ap.189-93
650 _aPolice
700 _aBrock, Deon
700 _aWoydziak, Aangele
773 _aPolice Journal
909 _a49942
999 _c49942
_d49942